El arte del motor: Aceleración y realidad virtual.
Uloženo v:
| Hlavní autor: | |
|---|---|
| Další autoři: | |
| Médium: | Kniha |
| Vydáno: |
Buenos Aires, Argentina:
Manantial,
1996.
|
| Vydání: | 1a. ed. |
| Edice: | Reflexiones.
|
| Témata: | |
| Tagy: |
Přidat tag
Žádné tagy, Buďte první, kdo vytvoří štítek k tomuto záznamu!
|
MARC
| LEADER | 00000nam a22000007a 4500 | ||
|---|---|---|---|
| 003 | CL-VaPUC | ||
| 005 | 20250321101937.0 | ||
| 008 | 250129t1996 ||||| |||| 00| 0 eng d | ||
| 999 | |c 446926 |d 446924 | ||
| 020 | |a 978-987-500-000-1 | ||
| 040 | |c Pontificia Universidad Católica de Valparaíso | ||
| 082 | |a 303.4833 VIR 1996 | ||
| 100 | |9 411099 |a Virilio, Paul |e autor | ||
| 245 | |a El arte del motor: |b Aceleración y realidad virtual. | ||
| 250 | |a 1a. ed. | ||
| 260 | |a Buenos Aires, Argentina: |b Manantial, |c 1996. | ||
| 300 | |a 168 páginas. | ||
| 490 | |a Reflexiones. | ||
| 500 | |a c.1.-c.3 Instituto Arcos.08-01-2025. | ||
| 583 | |c 20250129 |k Gabriela Rodríguez Cuevas | ||
| 650 | 0 | |9 881692 |a Tecnologías de la Información y Comunicación (TICs) | |
| 650 | 0 | |9 257206 |a Medios de comunicación |x Desinformación | |
| 650 | 0 | |9 361882 |a Realidad virtual | |
| 700 | |9 863491 |a Pons, Horacio |e traductor | ||
| 942 | |2 ddc |c BK |n 0 | ||
| 952 | |0 0 |1 0 |2 ddc |4 0 |6 303_483300000000000_VIR_1996 |7 0 |9 600109 |a BIBINC |b BIBINC |c GEN |d 2025-01-29 |e Instituto Arcos |i 5664940 |o 303.4833 VIR 1996 |p 5664940 |r 2025-01-29 |t 1 |w 2025-01-29 |y BK |k IFP | ||
| 952 | |0 0 |1 0 |2 ddc |4 0 |6 303_483300000000000_VIR_1996 |7 0 |8 A |9 600224 |a BIBINC |b BIBINC |c GEN |d 2025-01-29 |e Instituto Arcos |i 5665093 |o 303.4833 VIR 1996 |p 5665093 |r 2025-01-30 |t 2 |w 2025-01-29 |y BK |k IFP | ||
| 952 | |0 0 |1 0 |2 ddc |4 0 |6 303_483300000000000_VIR_1996 |7 0 |8 A |9 600225 |a BIBINC |b BIBINC |c GEN |d 2025-01-29 |e Instituto Arcos |i 5665094 |o 303.4833 VIR 1996 |p 5665094 |r 2025-01-30 |t 3 |w 2025-01-29 |y BK |k IFP | ||